[Event "37. Torneo Internacional de La Roda"]
[Site "La Roda ESP"]
[Date "2010.04.01"]
[Round "2.5"]
[White "Ortiz Suarez, Isan Reynaldo"]
[Black "Cruz Lledo, Pablo"]
[Result "1-0"]
[WhiteElo "2527"]
[BlackElo "2232"]
[PlyCount "107"]
[EventDate "2010.03.31"]
[EventType "swiss"]
[EventRounds "9"]
[EventCountry "ESP"]
[Source "lmi"]
[SourceDate "2010.03.31"]

1. d4 d5 2. c4 c6 3. Nf3 Nf6 4. e3 Bf5 5. Nc3 e6 6. Nh4 Bg4 7. Qb3 Qb6 8. c5
Qc7 9. Bd2 Nbd7 10. h3 Bh5 11. g4 Bg6 12. O-O-O b6 13. Nxg6 hxg6 14. g5 Ng8 15.
cxb6 Nxb6 16. Kb1 Rb8 17. Qc2 Ne7 18. Rc1 Qb7 19. e4 dxe4 20. Nxe4 Nf5 21.
Qxc6+ Qxc6 22. Rxc6 Nxd4 23. Rc7 Ba3 24. b3 O-O 25. Rxa7 Ra8 26. Rxa3 Rxa3 27.
Bb4 Rfa8 28. Bxa3 Rxa3 29. Bg2 Nd5 30. Kb2 Ra7 31. Rc1 Kh7 32. Rc4 e5 33. a3 f5
34. gxf6 gxf6 35. Ng5+ Kh6 36. Nf7+ Rxf7 37. Bxd5 Rd7 38. Rc5 Ne2 39. b4 Nf4
40. Bc4 e4 41. b5 Nxh3 42. b6 Nxf2 43. Rc7 Rd2+ 44. Kc1 e3 45. b7 Rd1+ 46. Kc2
Rd2+ 47. Kb3 Nd1 48. a4 e2 49. Bxe2 Rxe2 50. a5 Rb2+ 51. Ka3 Rb5 52. a6 Ne3 53.
a7 Ra5+ 54. Kb3 1-0

[Event "37. Torneo Internacional de La Roda"]
[Site "La Roda ESP"]
[Date "2010.04.01"]
[Round "2.6"]
[White "Alcaraz Ortega, Javier"]
[Black "Del Rio De Angelis, Salvador G"]
[Result "1/2-1/2"]
[WhiteElo "2235"]
[BlackElo "2524"]
[PlyCount "62"]
[EventDate "2010.03.31"]
[EventType "swiss"]
[EventRounds "9"]
[EventCountry "ESP"]
[Source "lmi"]
[SourceDate "2010.03.31"]

1. Nf3 d5 2. d4 Nf6 3. c4 c6 4. Qb3 e6 5. g3 Be7 6. Bg2 O-O 7. O-O Nbd7 8. Rd1
b6 9. Nc3 Ba6 10. Nd2 b5 11. cxd5 cxd5 12. a3 Rb8 13. Nf3 b4 14. axb4 Rxb4 15.
Qa2 Nb8 16. Bf4 Bc4 17. Qxa7 Nc6 18. Qc7 Qxc7 19. Bxc7 Rc8 20. Bf4 Rxb2 21.
Rab1 Rxb1 22. Rxb1 Bb4 23. Na4 Nd7 24. Bf1 f6 25. Nb2 Bb5 26. Nd1 Ba4 27. Nb2
Bc2 28. Rc1 Be4 29. Na4 g5 30. Bd2 Bd6 31. Ne1 Ne7 1/2-1/2

[Event "37. Torneo Internacional de La Roda"]
[Site "La Roda ESP"]
[Date "2010.04.01"]
[Round "2.7"]
[White "Pap, Misa"]
[Black "Pena Riasco, Alexander"]
[Result "1-0"]
[WhiteElo "2521"]
[BlackElo "2218"]
[PlyCount "83"]
[EventDate "2010.03.31"]
[EventType "swiss"]
[EventRounds "9"]
[EventCountry "ESP"]
[Source "lmi"]
[SourceDate "2010.03.31"]

1. e4 c5 2. c3 d5 3. exd5 Qxd5 4. d4 Nf6 5. Nf3 Bg4 6. Be2 Nc6 7. h3 Bh5 8. c4
Qd6 9. d5 Ne5 10. Nc3 a6 11. Nxe5 Qxe5 12. g4 Bg6 13. f4 Qc7 14. f5 O-O-O 15.
Qd3 e6 16. fxg6 exd5 17. Qf5+ Kb8 18. Bf4 Bd6 19. Bxd6 Qxd6 20. cxd5 fxg6 21.
Qf3 Nxd5 22. Nxd5 Qxd5 23. Qxd5 Rxd5 24. Rd1 Re5 25. Rd7 Rhe8 26. Rh2 R5e7 27.
Rxe7 Rxe7 28. Rf2 Kc7 29. Kd2 b5 30. Rf8 c4 31. Rh8 h6 32. Ra8 Kb6 33. Rd8 g5
34. Rd6+ Kc5 35. Rxa6 b4 36. Ra5+ Kd4 37. Bf3 c3+ 38. bxc3+ bxc3+ 39. Kc2 Re3
40. Rd5+ Kc4 41. Rd3 Rxd3 42. Be2 1-0

[Event "37. Torneo Internacional de La Roda"]
[Site "La Roda ESP"]
[Date "2010.04.01"]
[Round "2.8"]
[White "Garcia Blanco, Omar"]
[Black "Gonzalez Vidal, Yuri"]
[Result "0-1"]
[WhiteElo "2222"]
[BlackElo "2512"]
[PlyCount "60"]
[EventDate "2010.03.31"]
[EventType "swiss"]
[EventRounds "9"]
[EventCountry "ESP"]
[Source "lmi"]
[SourceDate "2010.03.31"]

1. e4 c6 2. d4 d5 3. exd5 cxd5 4. c4 Nf6 5. Nc3 e6 6. Nf3 Be7 7. Be2 O-O 8. O-O
dxc4 9. Bxc4 a6 10. Qe2 b5 11. Bb3 Bb7 12. Rd1 Nd5 13. Ne4 Nd7 14. Ne5 Nxe5 15.
dxe5 Qc7 16. Ng3 Rfd8 17. Re1 Qc6 18. Ne4 Nb4 19. Qg4 Nd3 20. Bh6 Bf8 21. Re3
Nxe5 22. Nf6+ Kh8 23. Rxe5 gxf6 24. Rc1 Qxg2+ 25. Qxg2 Bxg2 26. Rh5 Bf3 27. Rh3
Bxh6 28. Rxh6 Rac8 29. Re1 Rg8+ 30. Kf1 Rc5 0-1

[Event "37. Torneo Internacional de La Roda"]
[Site "La Roda ESP"]
[Date "2010.04.01"]
[Round "2.9"]
[White "Cori Tello, Jorge"]
[Black "Pavon Cardenas, Jesus M"]
[Result "1-0"]
[WhiteElo "2500"]
[BlackElo "2201"]
[PlyCount "75"]
[EventDate "2010.03.31"]
[EventType "swiss"]
[EventRounds "9"]
[EventCountry "ESP"]
[Source "lmi"]
[SourceDate "2010.03.31"]

1. e4 e5 2. Nf3 Nc6 3. Bc4 Bc5 4. O-O Nf6 5. d3 O-O 6. c3 d6 7. a4 a6 8. Nbd2
Bb6 9. b4 Bg4 10. h3 Bd7 11. Re1 Qe7 12. Nf1 Be6 13. a5 Ba7 14. Be3 Ne8 15.
Bxa7 Nxa7 16. Ne3 Kh8 17. d4 Bxc4 18. Nxc4 Nc6 19. Ne3 Rd8 20. Qc2 g6 21. Nd5
Qe6 22. Rad1 Qc8 23. Qd2 Kg7 24. c4 Qe6 25. b5 axb5 26. cxb5 Nxd4 27. Nxd4 exd4
28. Qxd4+ Qe5 29. Qa7 c6 30. bxc6 bxc6 31. Ne7 Qb5 32. Rb1 Qa4 33. Ra1 Qb5 34.
Qd4+ Nf6 35. Reb1 Qa6 36. Rb6 Qe2 37. Nxc6 Rde8 38. f3 1-0

[Event "37. Torneo Internacional de La Roda"]
[Site "La Roda ESP"]
[Date "2010.04.01"]
[Round "2.10"]
[White "Cuenca Jimenez, Francisco Javier"]
[Black "Plaskett, H James"]
[Result "1-0"]
[WhiteElo "2205"]
[BlackElo "2494"]
[PlyCount "128"]
[EventDate "2010.03.31"]
[EventType "swiss"]
[EventRounds "9"]
[EventCountry "ESP"]
[Source "lmi"]
[SourceDate "2010.03.31"]

1. e4 c5 2. c4 b6 3. g3 Bb7 4. Bg2 g6 5. Nc3 Bg7 6. Nge2 Nc6 7. d3 d6 8. a3 Nf6
9. O-O O-O 10. Rb1 Rb8 11. h3 Nd7 12. f4 Nd4 13. Be3 a6 14. b4 e6 15. Bf2 f5
16. g4 Qc7 17. b5 Nxe2+ 18. Nxe2 axb5 19. Rxb5 Bc6 20. Rb1 Ra8 21. Qc1 fxg4 22.
hxg4 g5 23. Bg3 gxf4 24. Nxf4 Rae8 25. Nh5 Rxf1+ 26. Bxf1 Ne5 27. Be2 Ng6 28.
Nxg7 Qxg7 29. Rxb6 Qc7 30. Rb1 e5 31. Qh6 Qa5 32. Rf1 Qxa3 33. Rf6 Bxe4 34.
Rxd6 Qa1+ 35. Bf1 Rf8 36. Bf2 Qd1 37. Qg5 Qf3 38. Rxg6+ hxg6 39. Qh4 Bxd3 40.
Bg2 Qd1+ 41. Kh2 Bxc4 42. Bxc5 Rf7 43. Qg5 Rh7+ 44. Kg3 Qd3+ 45. Be3 Qd6 46.
Be4 Rg7 47. Bc1 Bd3 48. Bf3 Rf7 49. Bg2 e4+ 50. Bf4 Qf6 51. Qxf6 Rxf6 52. g5
Rf7 53. Bh3 Kf8 54. Be6 Rh7 55. Bd6+ Ke8 56. Kf4 Rh1 57. Bb4 Rf1+ 58. Ke3 Rf3+
59. Kd4 Bb1 60. Bd5 Rg3 61. Bc6+ Kd8 62. Ba5+ Kc8 63. Kd5 Rxg5+ 64. Kd6 Rxa5
1-0

[Event "37. Torneo Internacional de La Roda"]
[Site "La Roda ESP"]
[Date "2010.04.01"]
[Round "2.11"]
[White "Mekhitarian, Krikor Sevag"]
[Black "Tudela Corbalan, Carlos"]
[Result "1-0"]
[WhiteElo "2490"]
[BlackElo "2199"]
[PlyCount "49"]
[EventDate "2010.03.31"]
[EventType "swiss"]
[EventRounds "9"]
[EventCountry "ESP"]
[Source "lmi"]
[SourceDate "2010.03.31"]

1. e4 g6 2. d4 Bg7 3. Nc3 d6 4. Be3 Nd7 5. f4 a6 6. Nf3 b5 7. Bd3 c5 8. dxc5
Nxc5 9. Qd2 Bb7 10. a3 Nf6 11. Bxc5 dxc5 12. e5 Nd5 13. Be4 e6 14. O-O-O Qc7
15. Bxd5 Rd8 16. f5 b4 17. axb4 cxb4 18. Ne4 Bxd5 19. Qxb4 Bxe5 20. Nxe5 Qxe5
21. Rhe1 Bxe4 22. Rxd8+ Kxd8 23. Rxe4 Qxf5 24. Rd4+ Kc8 25. Qc3+ 1-0

[Event "37. Torneo Internacional de La Roda"]
[Site "La Roda ESP"]
[Date "2010.04.01"]
[Round "2.12"]
[White "Van Hoolandt, Patrick"]
[Black "Diamant, Andre"]
[Result "0-1"]
[WhiteElo "2201"]
[BlackElo "2486"]
[PlyCount "88"]
[EventDate "2010.03.31"]
[EventType "swiss"]
[EventRounds "9"]
[EventCountry "ESP"]
[Source "lmi"]
[SourceDate "2010.03.31"]

1. d4 Nf6 2. c4 g6 3. Nc3 Bg7 4. e4 d6 5. Nf3 O-O 6. Be3 c6 7. Be2 Nbd7 8. h3
e5 9. d5 Qe7 10. Nd2 a5 11. g4 Nc5 12. h4 Bd7 13. h5 cxd5 14. cxd5 Rac8 15. a4
Ne8 16. Nc4 Qd8 17. f3 Bf6 18. Bh6 Bg7 19. Be3 b6 20. Rb1 Bf6 21. Bh6 Bg7 22.
Be3 Rb8 23. b3 Qe7 24. b4 axb4 25. Rxb4 Bf6 26. Bh6 Bh4+ 27. Kf1 Ng7 28. Qd2 f5
29. gxf5 Nxh5 30. Rg1 Ng3+ 31. Rxg3 Bxg3 32. Bg5 Qg7 33. Nxd6 gxf5 34. exf5
Bxf5 35. Nxf5 Rxf5 36. Rg4 Bh4 37. Rxh4 Rxg5 38. Rh1 Rf8 39. d6 Kh8 40. Qc2 e4
41. Nxe4 Nxe4 42. Qxe4 Qa1+ 43. Kf2 Qxh1 44. Ke3 Qc1+ 0-1

[Event "37. Torneo Internacional de La Roda"]
[Site "La Roda ESP"]
[Date "2010.04.01"]
[Round "2.13"]
[White "Larino Nieto, David"]
[Black "Ferrer Sanchez, Pedro Jesus"]
[Result "1-0"]
[WhiteElo "2462"]
[BlackElo "2195"]
[PlyCount "75"]
[EventDate "2010.03.31"]
[EventType "swiss"]
[EventRounds "9"]
[EventCountry "ESP"]
[Source "lmi"]
[SourceDate "2010.03.31"]

1. e4 c5 2. Nc3 Nc6 3. g3 g6 4. Bg2 Bg7 5. d3 Nf6 6. f4 d6 7. h3 O-O 8. Nf3 Rb8
9. O-O b5 10. g4 b4 11. Ne2 a5 12. Ng3 Nd7 13. Rb1 a4 14. b3 axb3 15. axb3 Nd4
16. Nxd4 Bxd4+ 17. Kh1 Bg7 18. g5 Bb7 19. h4 e6 20. f5 exf5 21. exf5 Bxg2+ 22.
Kxg2 Re8 23. Qf3 Ne5 24. Qd5 Qd7 25. Bf4 Qb7 26. Qxb7 Rxb7 27. f6 Bf8 28. Rbe1
Ra7 29. Bxe5 dxe5 30. Ra1 Rea8 31. Rxa7 Rxa7 32. Ne4 h5 33. Kf3 Ra2 34. Rc1 Kh8
35. Nd2 e4+ 36. dxe4 Bd6 37. Nc4 Bc7 38. e5 1-0

[Event "37. Torneo Internacional de La Roda"]
[Site "La Roda ESP"]
[Date "2010.04.01"]
[Round "2.14"]
[White "Bendayan Claros, Aaron"]
[Black "Aloma Vidal, Robert"]
[Result "1/2-1/2"]
[WhiteElo "2196"]
[BlackElo "2462"]
[PlyCount "103"]
[EventDate "2010.03.31"]
[EventType "swiss"]
[EventRounds "9"]
[EventCountry "ESP"]
[Source "lmi"]
[SourceDate "2010.03.31"]

1. d4 Nf6 2. c4 g6 3. Nc3 Bg7 4. e4 d6 5. f3 O-O 6. Be3 Nc6 7. Nge2 a6 8. Qd2
Rb8 9. Nc1 e5 10. d5 Nd4 11. Nb3 c5 12. dxc6 bxc6 13. Nxd4 exd4 14. Bxd4 d5 15.
cxd5 cxd5 16. e5 Nd7 17. f4 f6 18. O-O-O fxe5 19. fxe5 Nxe5 20. Bxe5 Bxe5 21.
Qxd5+ Qxd5 22. Rxd5 Bxh2 23. Bd3 Bf4+ 24. Kc2 Rb6 25. Rf1 Bb7 26. Rd4 Bd6 27.
Bc4+ Kg7 28. Rxf8 Kxf8 29. Rd2 h5 30. Bd5 Bc8 31. a3 Kg7 32. b4 Bf4 33. Re2 Bg4
34. Re7+ Kh6 35. Kb3 Bf5 36. Bc4 Rd6 37. a4 h4 38. b5 axb5 39. axb5 Bh2 40. Bd5
Bg1 41. Rc7 Bd4 42. Bf3 Bd3 43. Rc6 Rd8 44. b6 Rb8 45. Nd5 Kg5 46. Rd6 Bc5 47.
Rc6 Bf2 48. Kc3 Bb5 49. Rd6 Bg3 50. Re6 Bd7 51. Re7 Bc6 52. Re6 1/2-1/2

[Event "37. Torneo Internacional de La Roda"]
[Site "La Roda ESP"]
[Date "2010.04.01"]
[Round "2.15"]
[White "Llorente Zaro, Alfonso"]
[Black "Nieto De La Cruz, Julio"]
[Result "1-0"]
[WhiteElo "2456"]
[BlackElo "2155"]
[PlyCount "117"]
[EventDate "2010.03.31"]
[EventType "swiss"]
[EventRounds "9"]
[EventCountry "ESP"]
[Source "lmi"]
[SourceDate "2010.03.31"]

1. c4 e5 2. g3 Nf6 3. Bg2 c6 4. Nf3 e4 5. Nd4 d5 6. cxd5 Qxd5 7. Nc2 Qh5 8. h3
Qg6 9. Nc3 Bc5 10. b4 Bd6 11. Bb2 O-O 12. Qb1 Re8 13. b5 Nh5 14. Ne3 f5 15. Nc4
Bc5 16. e3 Be6 17. Ne5 Qg5 18. d4 Bd6 19. h4 Qe7 20. g4 fxg4 21. Qxe4 Nf6 22.
Qd3 cxb5 23. Nxb5 Bb4+ 24. Bc3 Nd5 25. Bd2 Nc6 26. a3 Nxe5 27. dxe5 Bxd2+ 28.
Qxd2 Nb6 29. Qb4 Bd5 30. Qxe7 Rxe7 31. Rg1 Rxe5 32. Nc7 Rc8 33. Nxd5 Nxd5 34.
Bxd5+ Rxd5 35. Rxg4 Rc2 36. Rb1 b6 37. Rbb4 Rdd2 38. Rgf4 Rd7 39. Rbe4 Rc8 40.
Ke2 Rf8 41. Rg4 Rfd8 42. f4 Kf7 43. Kf3 Rd3 44. a4 Ra3 45. Rg5 Rd7 46. Rf5+ Kg6
47. Kg4 Rd6 48. Rg5+ Kf7 49. Rge5 a6 50. Re7+ Kf6 51. Ra7 a5 52. Ree7 Rxa4 53.
e4 h5+ 54. Kxh5 Rd1 55. Rf7+ Ke6 56. Rae7+ Kd6 57. Rd7+ Ke6 58. Rfe7+ Kf6 59.
e5+ 1-0

[Event "37. Torneo Internacional de La Roda"]
[Site "La Roda ESP"]
[Date "2010.04.01"]
[Round "2.18"]
[White "Vazquez Torres, Adrian"]
[Black "Monroy, Charles"]
[Result "0-1"]
[WhiteElo "2149"]
[BlackElo "2449"]
[PlyCount "84"]
[EventDate "2010.03.31"]
[EventType "swiss"]
[EventRounds "9"]
[EventCountry "ESP"]
[Source "lmi"]
[SourceDate "2010.03.31"]

1. e4 c5 2. Nf3 e6 3. d4 cxd4 4. Nxd4 a6 5. Nc3 Qc7 6. Be2 Nf6 7. O-O Nc6 8.
Be3 b5 9. Bf3 Ne5 10. Be2 Bb7 11. f4 Nc4 12. Bxc4 Qxc4 13. e5 Nd5 14. Nxd5 Qxd5
15. Qf3 Qxf3 16. Nxf3 Rc8 17. c3 Be7 18. Kf2 f5 19. Rfd1 h6 20. h4 Bd5 21. h5
Rg8 22. g3 b4 23. cxb4 Bxb4 24. Nd4 Kf7 25. a3 Be7 26. Rac1 g6 27. hxg6+ Kxg6
28. Nf3 Rb8 29. b4 Bc6 30. Bc5 Bd8 31. Nd4 Ba4 32. Rd2 h5 33. Rc3 Kf7 34. Bd6
Ra8 35. Kf3 h4 36. Kg2 hxg3 37. Rxg3 Bh4 38. Rxg8 Rxg8+ 39. Kh3 Bg3 40. Ne2 Be1
41. Rd3 Bc6 42. Kh2 Rg2+ 0-1

[Event "37. Torneo Internacional de La Roda"]
[Site "La Roda ESP"]
[Date "2010.04.01"]
[Round "2.20"]
[White "Garcia Rodriguez, Victor"]
[Black "Vidarte Morales, Arturo"]
[Result "1-0"]
[WhiteElo "2137"]
[BlackElo "2438"]
[PlyCount "137"]
[EventDate "2010.03.31"]
[EventType "swiss"]
[EventRounds "9"]
[EventCountry "ESP"]
[Source "lmi"]
[SourceDate "2010.03.31"]

1. e4 c5 2. Nf3 e6 3. d4 cxd4 4. Nxd4 a6 5. Nc3 Qc7 6. Bd3 b5 7. O-O Bb7 8. Re1
Bc5 9. Be3 b4 10. Na4 Bd6 11. Nf3 Nf6 12. Bb6 Qc6 13. c3 O-O 14. Nd4 Qc8 15. e5
Bxe5 16. Rxe5 d6 17. Rg5 bxc3 18. Rc1 Nc6 19. Nxc3 Nxd4 20. Bxd4 e5 21. Nd5
Bxd5 22. Rxc8 Rfxc8 23. Bc3 Bxa2 24. Qf3 h6 25. Qxf6 hxg5 26. Qxg5 a5 27. h4 f6
28. Qg6 Bf7 29. Qh7+ Kf8 30. Be4 d5 31. Bf5 Rcb8 32. Bxa5 Ke7 33. Qxg7 Rxa5 34.
Bg6 Rf8 35. h5 Raa8 36. g4 Rae8 37. h6 Ke6 38. Bf5+ Kd6 39. h7 Be6 40. Bxe6
Kxe6 41. b4 d4 42. Kf1 Kd5 43. Ke2 Kc4 44. Qc7+ Kxb4 45. Qb6+ Kc4 46. Qc6+ Kb4
47. Kd3 Rc8 48. Qb6+ Ka4 49. f4 exf4 50. Qxd4+ Kb3 51. Qb6+ Ka4 52. Ke4 Rb8 53.
Qa6+ Kb4 54. Qd6+ Kc4 55. Qc6+ Kb3 56. Kxf4 Rbc8 57. Qb6+ Kc4 58. Kf5 Kd5 59.
Qe6+ Kd4 60. Qd6+ Ke3 61. Qf4+ Ke2 62. Kg6 Ra8 63. Kg7 Rac8 64. g5 f5 65. g6
Rce8 66. Qd6 Rh8 67. Kh6 Re4 68. Qf6 Rhe8 69. Qxf5 1-0

[Event "37. Torneo Internacional de La Roda"]
[Site "La Roda ESP"]
[Date "2010.04.01"]
[Round "2.22"]
[White "Camacho Calle, Pedro"]
[Black "Guerra Bastida, Diego"]
[Result "1/2-1/2"]
[WhiteElo "2132"]
[BlackElo "2432"]
[PlyCount "90"]
[EventDate "2010.03.31"]
[EventType "swiss"]
[EventRounds "9"]
[EventCountry "ESP"]
[Source "lmi"]
[SourceDate "2010.03.31"]

1. e4 d6 2. d4 g6 3. Nf3 Nf6 4. Bd3 Bg7 5. O-O O-O 6. Re1 c5 7. c3 Bg4 8. Nbd2
Nc6 9. h3 Bxf3 10. Nxf3 cxd4 11. cxd4 Nd7 12. Be3 Qa5 13. a3 e5 14. b4 Qd8 15.
dxe5 Ndxe5 16. Nxe5 Bxe5 17. Ra2 Rc8 18. Bb5 Qf6 19. Bxc6 bxc6 20. Rc2 a5 21.
Qc1 axb4 22. axb4 Rb8 23. Rxc6 Rxb4 24. f4 Bb2 25. Qc2 Bd4 26. Qf2 Bxe3 27.
Qxe3 Qd4 28. Qxd4 Rxd4 29. Kf2 Re8 30. Kf3 Rd3+ 31. Re3 Rd2 32. Rcc3 Rd4 33. g3
h5 34. h4 Kg7 35. e5 dxe5 36. Rxe5 Rxe5 37. fxe5 Ra4 38. Rc7 Ra3+ 39. Kf4 Ra1
40. Rb7 Rf1+ 41. Ke4 g5 42. hxg5 Kg6 43. Rb8 Re1+ 44. Kf4 Rf1+ 45. Ke4 Re1+
1/2-1/2

[Event "37. Torneo Internacional de La Roda"]
[Site "La Roda ESP"]
[Date "2010.04.01"]
[Round "2.23"]
[White "Rojas Keim, Luis"]
[Black "Arance Gonzalez, Luis"]
[Result "1-0"]
[WhiteElo "2421"]
[BlackElo "2129"]
[PlyCount "55"]
[EventDate "2010.03.31"]
[EventType "swiss"]
[EventRounds "9"]
[EventCountry "ESP"]
[Source "lmi"]
[SourceDate "2010.03.31"]

1. d4 f5 2. Bg5 g6 3. Nc3 Bg7 4. e4 fxe4 5. Nxe4 d5 6. Ng3 Qd6 7. Qd2 Nc6 8. c3
Bd7 9. Nf3 O-O-O 10. O-O-O h6 11. Bf4 Qf6 12. Be5 Qf7 13. Bxg7 Qxg7 14. Bb5 Bg4
15. Bxc6 bxc6 16. Qd3 Kb7 17. Rde1 Bxf3 18. Qxf3 Nf6 19. Re3 Rhf8 20. Qe2 Rde8
21. Re1 Rf7 22. Nf1 Ne4 23. f3 Nd6 24. Nd2 e5 25. Rxe5 Rxe5 26. dxe5 Re7 27.
Nb3 Nc4 28. Nc5+ 1-0

[Event "37. Torneo Internacional de La Roda"]
[Site "La Roda ESP"]
[Date "2010.04.01"]
[Round "2.24"]
[White "Rodrigo Yanguas, Maria"]
[Black "Gallardo Garcia, Andres"]
[Result "0-1"]
[WhiteElo "2127"]
[BlackElo "2412"]
[PlyCount "62"]
[EventDate "2010.03.31"]
[EventType "swiss"]
[EventRounds "9"]
[EventCountry "ESP"]
[Source "lmi"]
[SourceDate "2010.03.31"]

1. e4 Nf6 2. e5 Nd5 3. d4 d6 4. c4 Nb6 5. exd6 cxd6 6. Be3 g6 7. Nc3 Bg7 8. Rc1
O-O 9. b3 e6 10. Nf3 Nc6 11. Be2 d5 12. O-O dxc4 13. bxc4 Ne7 14. a4 Nf5 15.
Bg5 f6 16. Bf4 g5 17. Be3 g4 18. Ne1 Nxe3 19. fxe3 f5 20. Qb3 Kh8 21. Nd3 e5
22. d5 Qg5 23. c5 Qxe3+ 24. Kh1 Nd7 25. c6 bxc6 26. dxc6 Rb8 27. Qa3 Nf6 28.
Qd6 Rb3 29. Qxe5 Ne4 30. Qc7 Rxc3 31. Rxc3 Nxc3 0-1

[Event "37. Torneo Internacional de La Roda"]
[Site "La Roda ESP"]
[Date "2010.04.01"]
[Round "3.2"]
[White "Bruzon Batista, Lazaro"]
[Black "Rojas Keim, Luis"]
[Result "1-0"]
[WhiteElo "2641"]
[BlackElo "2421"]
[PlyCount "73"]
[EventDate "2010.03.31"]
[EventType "swiss"]
[EventRounds "9"]
[EventCountry "ESP"]
[Source "lmi"]
[SourceDate "2010.03.31"]

1. Nf3 Nf6 2. c4 c5 3. Nc3 e6 4. g3 b6 5. Bg2 Bb7 6. O-O Be7 7. Re1 a6 8. e4 d6
9. d4 cxd4 10. Nxd4 Qc7 11. Be3 Nbd7 12. Rc1 Rc8 13. f4 Qb8 14. Qe2 O-O 15. Bf2
Qa8 16. f5 e5 17. Nb3 Rfd8 18. a4 Nc5 19. Nd2 Bc6 20. Ra1 g6 21. b4 Ncd7 22. b5
Bb7 23. a5 bxa5 24. fxg6 hxg6 25. Rxa5 Nc5 26. Rea1 Nfd7 27. bxa6 Bc6 28. Bh3
Rb8 29. Nb5 Nf6 30. Bg2 Rd7 31. Bxc5 dxc5 32. Nf3 Rbd8 33. R5a2 Bxb5 34. cxb5
c4 35. Nxe5 Bc5+ 36. Kh1 Rd6 37. Nc6 1-0

[Event "37. Torneo Internacional de La Roda"]
[Site "La Roda ESP"]
[Date "2010.04.01"]
[Round "3.3"]
[White "Paunovic, Dragan"]
[Black "Antoli Royo, Joaquin Miguel"]
[Result "1-0"]
[WhiteElo "2551"]
[BlackElo "2399"]
[PlyCount "117"]
[EventDate "2010.03.31"]
[EventType "swiss"]
[EventRounds "9"]
[EventCountry "ESP"]
[Source "lmi"]
[SourceDate "2010.03.31"]

1. Nf3 d5 2. d4 Nf6 3. c4 dxc4 4. e3 Bg4 5. Bxc4 e6 6. O-O Nbd7 7. h3 Bh5 8.
Nc3 Bb4 9. Be2 O-O 10. Qb3 c5 11. a3 Bxc3 12. bxc3 Qc7 13. Bb2 e5 14. dxe5 Nxe5
15. c4 Nxf3+ 16. Bxf3 Bxf3 17. gxf3 Qc6 18. Kg2 b6 19. Rad1 Rad8 20. Rxd8 Rxd8
21. Rd1 Rxd1 22. Qxd1 Qd7 23. Qc2 Qe6 24. Bxf6 Qxf6 25. Qa4 h6 26. Qxa7 Qg6+
27. Kh2 Qd6+ 28. f4 Qc6 29. Qb8+ Kh7 30. Qd8 Qf3 31. Qd3+ Kh8 32. Qf1 Kg8 33.
Qg2 Qe2 34. Qa8+ Kh7 35. Qe4+ Kh8 36. Kg2 f5 37. Qe6 Qd3 38. a4 Qb1 39. Qe8+
Kh7 40. Qb5 Qd3 41. Kg3 Qd6 42. Qb1 Qg6+ 43. Kh2 Qe6 44. Qd3 Kg8 45. Kg1 Qg6+
46. Kf1 Qh5 47. Qd5+ Kh7 48. Kg2 Qg6+ 49. Kh2 Kh8 50. a5 bxa5 51. Qxc5 a4 52.
Qc8+ Kh7 53. Qa8 Qh5 54. Qxa4 Qe2 55. Kg2 g5 56. Qd7+ Kg6 57. Qe6+ Kh5 58. Qxf5
Qxc4 59. Qg4+ 1-0

[Event "37. Torneo Internacional de La Roda"]
[Site "La Roda ESP"]
[Date "2010.04.01"]
[Round "3.4"]
[White "Gallardo Garcia, Andres"]
[Black "Almeida Quintana, Omar"]
[Result "1/2-1/2"]
[WhiteElo "2412"]
[BlackElo "2540"]
[PlyCount "44"]
[EventDate "2010.03.31"]
[EventType "swiss"]
[EventRounds "9"]
[EventCountry "ESP"]
[Source "lmi"]
[SourceDate "2010.03.31"]

1. e4 g6 2. d4 Bg7 3. c4 d6 4. Nf3 Bg4 5. Be2 Nc6 6. Be3 e5 7. d5 Bxf3 8. Bxf3
Nd4 9. Nc3 Ne7 10. g3 O-O 11. Bg2 c5 12. O-O f5 13. f4 fxe4 14. Nxe4 Nef5 15.
Bd2 Qe7 16. Kh1 b5 17. cxb5 Nxb5 18. Qa4 Rab8 19. Rab1 h6 20. Qc4 Kh7 21. Rbe1
Nbd4 22. b3 Rfe8 1/2-1/2

[Event "37. Torneo Internacional de La Roda"]
[Site "La Roda ESP"]
[Date "2010.04.01"]
[Round "3.5"]
[White "Martinez Martin, David"]
[Black "Ortiz Suarez, Isan Reynaldo"]
[Result "1-0"]
[WhiteElo "2390"]
[BlackElo "2527"]
[PlyCount "97"]
[EventDate "2010.03.31"]
[EventType "swiss"]
[EventRounds "9"]
[EventCountry "ESP"]
[Source "lmi"]
[SourceDate "2010.03.31"]

1. e4 c5 2. Nf3 d6 3. d4 cxd4 4. Nxd4 Nf6 5. Nc3 a6 6. h3 e6 7. g4 Nc6 8. Be3
Be7 9. Bg2 O-O 10. Qe2 Qc7 11. O-O-O Nd7 12. f4 Nxd4 13. Bxd4 b5 14. e5 Rb8 15.
exd6 Bxd6 16. f5 b4 17. Ne4 Be5 18. fxe6 fxe6 19. Kb1 Nb6 20. Ng5 Bxd4 21. Qe4
g6 22. Nxe6 Bxe6 23. Qxe6+ Kh8 24. Rxd4 Rbe8 25. Qd6 Qxd6 26. Rxd6 Nc4 27. Rxa6
Re2 28. Ra8 Rxa8 29. Bxa8 Ne3 30. Be4 Kg7 31. Bd3 Rf2 32. a4 bxa3 33. bxa3 Kf6
34. a4 Rf4 35. Re1 Nd5 36. a5 Rb4+ 37. Kc1 Ra4 38. g5+ Kg7 39. a6 Nb4 40. Re7+
Kf8 41. Re6 Nxd3+ 42. cxd3 Ra5 43. Rb6 Ke7 44. Rb7+ Ke6 45. a7 Ra2 46. Kb1 Ra6
47. Kc2 Kf5 48. h4 Kf4 49. Rxh7 1-0

[Event "37. Torneo Internacional de La Roda"]
[Site "La Roda ESP"]
[Date "2010.04.01"]
[Round "3.6"]
[White "Kovacevic, Slobodan"]
[Black "Pap, Misa"]
[Result "1-0"]
[WhiteElo "2383"]
[BlackElo "2521"]
[PlyCount "95"]
[EventDate "2010.03.31"]
[EventType "swiss"]
[EventRounds "9"]
[EventCountry "ESP"]
[Source "lmi"]
[SourceDate "2010.03.31"]

1. d4 Nf6 2. Nf3 c5 3. e3 e6 4. Nbd2 b6 5. c3 Bb7 6. Bd3 cxd4 7. exd4 Be7 8.
O-O O-O 9. Qe2 Nd5 10. Ne4 Qc7 11. g3 a6 12. Ne1 d6 13. f4 Nd7 14. Nf3 b5 15.
a4 bxa4 16. Rxa4 a5 17. Bd2 N5b6 18. Raa1 Bd5 19. Rfc1 Qb7 20. Be1 a4 21. Nfd2
Bc6 22. Bb5 Ra5 23. Bxc6 Qxc6 24. b4 Raa8 25. Bf2 Rfc8 26. c4 d5 27. Nc5 dxc4
28. Nxc4 Nxc4 29. Qxc4 Nb6 30. Qf1 Bf6 31. Nxa4 Nc4 32. Qd3 h5 33. Nc5 Nd6 34.
Rxa8 Rxa8 35. d5 exd5 36. Rd1 d4 37. Bxd4 Ra2 38. Bf2 Nb5 39. Ne4 Be7 40. Qd5
Qc2 41. Qd3 Qb2 42. Qxb5 h4 43. Qe8+ Bf8 44. gxh4 Qe2 45. Re1 Qf3 46. b5 Rb2
47. Qxf7+ Kxf7 48. Ng5+ 1-0

[Event "37. Torneo Internacional de La Roda"]
[Site "La Roda ESP"]
[Date "2010.04.01"]
[Round "3.8"]
[White "Espinosa Aranda, Angel"]
[Black "Cori Tello, Jorge"]
[Result "1/2-1/2"]
[WhiteElo "2383"]
[BlackElo "2500"]
[PlyCount "77"]
[EventDate "2010.03.31"]
[EventType "swiss"]
[EventRounds "9"]
[EventCountry "ESP"]
[Source "lmi"]
[SourceDate "2010.03.31"]

1. e4 e5 2. Nf3 Nc6 3. Bb5 Nf6 4. O-O Nxe4 5. d4 Nd6 6. dxe5 Nxb5 7. a4 Nbd4 8.
Nxd4 Nxd4 9. Qxd4 d5 10. exd6 Qxd6 11. Qe4+ Qe6 12. Qd4 Qb6 13. Qe5+ Be6 14.
Be3 Qc6 15. Nc3 f6 16. Qg3 Bd6 17. Bf4 Bxf4 18. Qxf4 O-O-O 19. Rad1 a6 20. Qe3
Kb8 21. Rd2 Rxd2 22. Qxd2 h5 23. Re1 h4 24. h3 Re8 25. Qd4 Bf5 26. Rxe8+ Qxe8
27. Qxh4 Bxc2 28. Qd4 b6 29. f4 Kb7 30. Kf2 Qe6 31. g4 Qb3 32. Kg3 Qxb2 33.
Qe4+ Kb8 34. Qe8+ Kb7 35. Qe4+ Ka7 36. Qc4 Kb8 37. Qg8+ Kb7 38. Qd5+ Kc8 39.
Qg8+ 1/2-1/2